000 00725cab a2200229 4500
001 WB3511-07
008 090401t1999 xxu||||| |||| 00| 0 eng d
035 _a(Sirsi) u92137
041 _aeng
245 _aNew laws tighten asbestos restrictions
260 _c1999
350 _a0
490 _aHealth and Safety Bulletin
_vMarch 1999, 276(1)
520 _aProvides an overview of the new asbestos regulations, which came into force on 1 February 1999.
650 _aASBESTOS (LICENSING) REGULATIONS 1983
650 _aMANAGEMENT-HEALTH AND SAFETY-HAZARDOUS SUBSTANCES-ASBESTOS
650 _aBAN
650 _aLEGISLATION
690 _aBUILT ENVIRONMENT-BUILDING STANDARDS
942 _n0
948 _c16/03/1999
999 _c58412
_d58412